000 005400000a22001810004500
003 LK-CoMWRAF
005 20231109094323.0
008 230817t ||||| |||| 00| 0 eng d
040 _aLK-CoMWRAF
_dLK-CoMWRAF
_eLK-CoMWRAF
041 _aeng
082 _a294.548
_bCHA
100 _aJagdish Chander, B. K.,
245 _aMoral Values,Attitudes and Moods:
_b a book on ethics for a new world order
260 _aNew Delhi:
_bBrahma Kumaris Ishwariya Vishwa-Vidyalaya,
300 _a200 p. ; 19 cm.
650 _aHINDU ETHICS
942 _cBK
999 _c1220
_d1220